<?xml version="1.0" encoding="UTF-8"?><?xml-stylesheet type="text/xsl" href="static/style.xsl"?><OAI-PMH xmlns="http://www.openarchives.org/OAI/2.0/" xmlns:xsi="http://www.w3.org/2001/XMLSchema-instance" xsi:schemaLocation="http://www.openarchives.org/OAI/2.0/ http://www.openarchives.org/OAI/2.0/OAI-PMH.xsd"><responseDate>2026-04-14T03:57:42Z</responseDate><request verb="GetRecord" identifier="oai:www.recercat.cat:2117/359188" metadataPrefix="marc">https://recercat.cat/oai/request</request><GetRecord><record><header><identifier>oai:recercat.cat:2117/359188</identifier><datestamp>2026-01-30T07:18:36Z</datestamp><setSpec>com_2072_1033</setSpec><setSpec>col_2072_452950</setSpec></header><metadata><record xmlns="http://www.loc.gov/MARC21/slim" xmlns:dcterms="http://purl.org/dc/terms/" xmlns:xsi="http://www.w3.org/2001/XMLSchema-instance" xmlns:doc="http://www.lyncode.com/xoai" xsi:schemaLocation="http://www.loc.gov/MARC21/slim http://www.loc.gov/standards/marcxml/schema/MARC21slim.xsd">
   <leader>00925njm 22002777a 4500</leader>
   <datafield ind2=" " ind1=" " tag="042">
      <subfield code="a">dc</subfield>
   </datafield>
   <datafield ind2=" " ind1=" " tag="720">
      <subfield code="a">Reis-Silva, Catarina Sofia Mateus</subfield>
      <subfield code="e">author</subfield>
   </datafield>
   <datafield ind2=" " ind1=" " tag="720">
      <subfield code="a">Branco, Paola Cristina</subfield>
      <subfield code="e">author</subfield>
   </datafield>
   <datafield ind2=" " ind1=" " tag="720">
      <subfield code="a">Lima, Keli</subfield>
      <subfield code="e">author</subfield>
   </datafield>
   <datafield ind2=" " ind1=" " tag="720">
      <subfield code="a">Silva, Fabiana Lima</subfield>
      <subfield code="e">author</subfield>
   </datafield>
   <datafield ind2=" " ind1=" " tag="720">
      <subfield code="a">Moreno, Paulo Roberto Hrihorowitsch</subfield>
      <subfield code="e">author</subfield>
   </datafield>
   <datafield ind2=" " ind1=" " tag="720">
      <subfield code="a">Guallar, Victor</subfield>
      <subfield code="e">author</subfield>
   </datafield>
   <datafield ind2=" " ind1=" " tag="720">
      <subfield code="a">Costa Lotufo, Leticia Veras</subfield>
      <subfield code="e">author</subfield>
   </datafield>
   <datafield ind2=" " ind1=" " tag="720">
      <subfield code="a">Machado Neto, João Agostinho</subfield>
      <subfield code="e">author</subfield>
   </datafield>
   <datafield ind2=" " ind1=" " tag="260">
      <subfield code="c">2021</subfield>
   </datafield>
   <datafield ind2=" " ind1=" " tag="520">
      <subfield code="a">Acute myeloid leukemia (AML) belongs to a group of hematological cancer whose relapse cases are often associated with chemoresistance that impairs treatment success and contributes to a poor outcome. For this reason, there is an urgent need for the development of new therapeutic strategies. Herein, we explore the combination of venetoclax, a BCL2 inhibitor, and embelin, an XIAP inhibitor, in the AML cell lines. Combinatory treatment of venetoclax and embelin potentiated cytotoxic effects of these drugs, demonstrating that both in combination present lower IC50 values than single treatment of either venetoclax or embelin alone in both cell lines analyzed. The combinatory treatment further increased the apoptosis-inducing properties of both compounds. Computer simulations suggest that embelin binds to both BIR2 and BIR3 domains of XIAP, reinforcing this inhibitory apoptosis protein as an embelin target. Although all AML cell lines presented similar basal levels of XIAP, the combinatory treatment effectively inhibited XIAP expression in OCI-AML3 cells. In conclusion, the inhibition of both apoptosis inhibitory players, BCL2 and XIAP, by venetoclax and embelin, respectively, potentiated their cytotoxic effects in AML cell lines.</subfield>
   </datafield>
   <datafield ind2=" " ind1=" " tag="520">
      <subfield code="a">The authors want to express their acknowledgements to Prof. Dr. Eduardo  Magalhaes  Rego  (University  of  Sao  Paulo,  Ribeirao  Preto, &#xd;
Brazil) for providing leukemia cell lines. We are also grateful for the embelin HPLC analysis by Prof. Marcelo Jose Pena Ferreira (IB-USP). &#xd;
This work was supported by Fundaçao de Amparo a Pesquisa do Estado de Sao Paulo (FAPESP), Brazil, under processes 2019/23864-7, &#xd;
2018/ 06522-2, 2017/09022–8, and 2015/17177–6. This study was financed in part by the Coordenaçao de Aperfeiçoamento de Pessoal de Nível &#xd;
Superior - Brasil (CAPES) - Finance Code 001.</subfield>
   </datafield>
   <datafield ind2=" " ind1=" " tag="520">
      <subfield code="a">Postprint (author's final draft)</subfield>
   </datafield>
   <datafield tag="653" ind2=" " ind1=" ">
      <subfield code="a">Àrees temàtiques de la UPC::Informàtica::Aplicacions de la informàtica::Bioinformàtica</subfield>
   </datafield>
   <datafield tag="653" ind2=" " ind1=" ">
      <subfield code="a">Acute myeloid leukemia</subfield>
   </datafield>
   <datafield tag="653" ind2=" " ind1=" ">
      <subfield code="a">Cell lines</subfield>
   </datafield>
   <datafield tag="653" ind2=" " ind1=" ">
      <subfield code="a">Acute myeloid leukemia</subfield>
   </datafield>
   <datafield tag="653" ind2=" " ind1=" ">
      <subfield code="a">Embelin</subfield>
   </datafield>
   <datafield tag="653" ind2=" " ind1=" ">
      <subfield code="a">Venetoclax</subfield>
   </datafield>
   <datafield tag="653" ind2=" " ind1=" ">
      <subfield code="a">Apoptosis</subfield>
   </datafield>
   <datafield tag="653" ind2=" " ind1=" ">
      <subfield code="a">Leucèmia</subfield>
   </datafield>
   <datafield ind2="0" ind1="0" tag="245">
      <subfield code="a">Embelin potentiates venetoclax-induced apoptosis in acute myeloid leukemia cells</subfield>
   </datafield>
</record></metadata></record></GetRecord></OAI-PMH>